| 000 | 01053nam0a22002651 4500 | ||
|---|---|---|---|
| 001 | rc\575912 | ||
| 005 | 20031121162738.5 | ||
| 035 | _a(NLR Aleph) 005823968 | ||
| 090 |
_a5509317 _c5509317 |
||
| 100 | _a20031121d1988 u |0rusy50 ca | ||
| 101 | 0 | _arus | |
| 102 | _aRU | ||
| 105 | _ay ||||||||| | ||
| 200 | 1 |
_aУход за здоровым и больным ребенком _eУчеб.-метод. пособие _fЛенингр. педиатр. мед. ин-т _g[Сост. Т.П. Вязовик и др.] _gПод ред. В.В. Юрьева, А.С. Симаходского |
|
| 210 |
_aЛ. _cЛПМИ _d1988 |
||
| 215 |
_a92, [1] с. _d22 |
||
| 320 | _aБиблиогр.: с. 92 (10 назв.) | ||
| 702 | 1 |
_aВязовик _bТ. П. _4220 |
|
| 702 | 1 |
_aЮрьев _bВ. В. _gВладимир Владимирович _4340 |
|
| 712 | 0 | 2 |
_aЛенинградский педиатрический мед. ин-т _3RU\NLR\AUTH\8816909 |
| 801 | 0 |
_aRU _bNLR _gpsbo |
|
| 801 | 1 |
_aRU _bELAR _2rusmarc |
|
| 852 |
_aNLR _j88-6/4536 |
||
| 942 | _cBOOK | ||
| 980 | _aNB | ||